Dinámica de grupos (Record no. 27542)

MARC details
000 -LEADER
campo de control de longitud fija 00632nam a2200181 i 4500
001 - NÚMERO DE CONTROL
campo de control 27542
003 - IDENTIFICADOR DE NÚMERO DE CONTROL
campo de control ES-MaACL
005 - FECHA Y HORA DE LA ÚLTIMA TRANSACCIÓN
campo de control 20230906153637.0
007 - CAMPO FIJO DE DESCRIPCIÓN FÍSICA--INFORMACIÓN GENERAL
campo de control de longitud fija t|
008 - DATOS DE LONGITUD FIJA--INFORMACIÓN GENERAL
campo de control de longitud fija 030114s1965 sp ||||1| spa d
100 1# - ENTRADA PRINCIPAL--NOMBRE DE PERSONA
Nombre de persona Aubry, Jean Marie.
9 (RLIN) 23825
245 10 - MENCIÓN DEL TÍTULO
Título Dinámica de grupos
Resto del título : iniciación a su espíritu y a algunas de sus técnicas /
Mención de responsabilidad, etc. Jean Marie Aubry, Ives Saint-Arnaud ; [Traducción por Luis Pérez Martínez].
260 ## - PUBLICACIÓN, DISTRIBUCIÓN, ETC.
Lugar de publicación, distribución, etc. [Madrid] :
Nombre del editor, distribuidor, etc. Euroamérica,
Fecha de publicación, distribución, etc. [1965]
300 ## - DESCRIPCIÓN FÍSICA
Extensión 99 p. ;
Dimensiones 18 cm.
700 1# - ENTRADA AGREGADA--NOMBRE PERSONAL
Nombre de persona Saint-Arnaud, Ives.
9 (RLIN) 101510
700 1# - ENTRADA AGREGADA--NOMBRE PERSONAL
Nombre de persona Pérez Martínez, Luis.
9 (RLIN) 91009
852 ## - LOCALIZACIÓN
Ubicación ES-MaACL
Número de control de estantería C-28861
Sublocalización o colección R.58028
Holdings
Estatus retirado Estado de pérdida Estado de daño No para préstamo Biblioteca de origen Biblioteca actual Ubicación en estantería Fecha de adquisición Fuente de adquisición Total de préstamos Signatura topográfica completa Código de barras Visto por última vez Precio de reemplazo Tipo de ítem Koha
        Biblioteca del Ateneo de Madrid Biblioteca del Ateneo de Madrid Depósito 2 17/01/2008     C-28861 1028440 23/02/2023 23/02/2023 Libro impreso